书目信息 |
| 题名: |
多媒体作品创意设计与实现
|
|
| 作者: | 徐瑾 主编 | |
| 分册: | ||
| 出版信息: | 北京 北京师范大学出版社 2009.09 |
|
| 页数: | 301页 | |
| 开本: | 26cm | |
| 丛书名: | 数字媒体技术专业系列规划教材 | |
| 单 册: | ||
| 中图分类: | TP311.56 | |
| 科图分类: | ||
| 主题词: | 多媒体开发工具--Duo Mei Ti Kai Fa Gong Ju--教材 | |
| 电子资源: | ||
| ISBN: | 978-7-303-10028-6 | |
| 000 | 01222nam 2200289 450 | |
| 001 | CAL 012009188806 | |
| 005 | 20110228093635.48 | |
| 010 | @a978-7-303-10028-6@dCNY64.00 (含光盘) | |
| 010 | @a978-7-900256-03-4@b光盘 | |
| 100 | @a20091215d2009 em y0chiy50 ea | |
| 101 | 0 | @achi |
| 102 | @aCN@b110000 | |
| 105 | @aak a 000yy | |
| 200 | 1 | @a多媒体作品创意设计与实现@ADuo Mei Ti Zuo Pin Chuang Yi She Ji Yu Shi Xian@f主编徐瑾@Fzhu bian xu jin |
| 210 | @a北京@c北京师范大学出版社@d2009.09 | |
| 215 | @a301页@c彩图@d26cm@e光盘1片 | |
| 225 | 2 | @a数字媒体技术专业系列规划教材@AShu Zi Mei Ti Ji Shu Zhuan Ye Xi Lie Gui Hua Jiao Cai |
| 320 | @a有书目 (第295页) | |
| 330 | @a本书通过精彩实例, 全面系统地讲解了Authorware多媒体作品的创意设计与实现方式。主要内容包括毛泽东诗词与书法欣赏, 电子贺卡, 企业宣传光盘, 多媒体个人简历, 奥运知识问答测验, 人机游戏, 交互三维汽车控制, 电子楼书等的设计与制作。 | |
| 333 | @a想掌握多媒体作品创意设计和实现的读者 | |
| 410 | 0 | @12001 @a数字媒体技术专业系列规划教材 |
| 606 | 0 | @a多媒体开发工具@ADuo Mei Ti Kai Fa Gong Ju@j教材 |
| 610 | 0 | @aAuthorware |
| 690 | @aTP311.56@v4 | |
| 701 | 0 | @a徐瑾@AXu Jin@4主编 |
| 801 | 0 | @aCN@bZZRC@c20110228 |
| 905 | @aZUCC@dTP311.56@eX735@f3 | |
| 多媒体作品创意设计与实现/主编徐瑾.-北京:北京师范大学出版社,2009.09 |
| 301页:彩图;26cm+光盘1片.-(数字媒体技术专业系列规划教材) |
| 使用对象:想掌握多媒体作品创意设计和实现的读者 |
| ISBN 978-7-303-10028-6:CNY64.00 (含光盘) |
| 本书通过精彩实例, 全面系统地讲解了Authorware多媒体作品的创意设计与实现方式。主要内容包括毛泽东诗词与书法欣赏, 电子贺卡, 企业宣传光盘, 多媒体个人简历, 奥运知识问答测验, 人机游戏, 交互三维汽车控制, 电子楼书等的设计与制作。 |
| ● |
| 相关链接 |
|
|
|
正题名:多媒体作品创意设计与实现
索取号:TP311.56/X735
 
预约/预借
| 序号 | 登录号 | 条形码 | 馆藏地/架位号 | 状态 | 备注 |
| 1 | 1183365 | 211833658 | 自科库301/404自科库 15排5列3层/ [索取号:TP311.56/X735] | 在馆 | |
| 2 | 1183366 | 211833667 | 期刊室512/301自科库 43排6列4层/ [索取号:TP311.56/X735] | 在馆 | |
| 3 | 1183367 | 211833676 | 期刊室512/301自科库 43排6列4层/ [索取号:TP311.56/X735] | 在馆 |